[Event "Edmonton op qual 11th"]
[Site "Edmonton"]
[Date "2016.04.30"]
[Round "1"]
[White "Villavieja, Butch"]
[Black "Hughey, Leah"]
[Result "1-0"]
[WhiteElo "2094"]
[BlackElo "1599"]
[PlyCount "115"]
[EventDate "2016.04.30"]
[EventType "swiss"]
[EventRounds "5"]
[EventCountry "CAN"]
[SourceTitle "EXT 2017"]
[Source "ChessBase"]
[SourceDate "2016.10.25"]
[SourceVersion "1"]
[SourceVersionDate "2016.10.25"]
[SourceQuality "1"]

1. e4 e6 2. d4 d5 3. e5 c5 4. Nf3 Nc6 5. Bd3 cxd4 6. 0-0 Qb6 7. a3 g6 8. b4 Bg7 9. Re1 a6 10. Bb2 Bd7 11. Nbd2 Nge7 12. Nb3 0-0 13. Nbxd4 a5 14. b5 Na7 15. a4 Nf5 16. Nb3 Rac8 17. Qd2 Qd8 18. Qxa5 Qxa5 19. Nxa5 b6 20. Nb3 Rc7 21. g4 Nh6 22. g5 Nf5 23. Nbd4 Rfc8 24. Nxf5 exf5 25. Nd4 h6 26. h4 hxg5 27. hxg5 f4 28. Bc1 f3 29. Bf4 Bg4 30. a5 bxa5 31. b6 Nc6 32. bxc7 Nxd4 33. Rxa5 Ne6 34. Bg3 Rxc7 35. Rxd5 Re7 36. Re4 Bh5 37. Re3 Ra7 38. Kh2 Nxg5 39. Bh4 Ne6 40. Re1 Ra4 41. Bg3 Ng5 42. Rd8+ Bf8 43. Rb1 Ne6 44. Rdb8 Kg7 45. Bb5 Ra2 46. Rc8 Nd4 47. Bd3 Be7 48. Rb7 Bf8 49. Rxf7+ Kxf7 50. Bc4+ Ke7 51. Bxa2 g5 52. e6 Bg4 53. Rc4 Bxe6 54. Rxd4 Bxa2 55. Bd6+ Kf7 56. Bxf8 Kxf8 57. Kg3 Bb1 58. c4 1-0

[Event "Alberta-chB"]
[Site "Edmonton"]
[Date "2016.03.26"]
[Round "1"]
[White "Briones, Dante"]
[Black "Hughey, Leah"]
[Result "1-0"]
[WhiteElo "1976"]
[BlackElo "1643"]
[PlyCount "79"]
[EventDate "2016.03.26"]
[EventType "swiss"]
[EventRounds "5"]
[EventCountry "CAN"]
[SourceTitle "EXT 2017"]
[Source "ChessBase"]
[SourceDate "2016.10.25"]
[SourceVersion "1"]
[SourceVersionDate "2016.10.25"]
[SourceQuality "1"]

1. e4 e6 2. d4 d5 3. Nc3 Bb4 4. e5 c5 5. a3 cxd4 6. axb4 dxc3 7. bxc3 Ne7 8. Bd3 Nbc6 9. Nf3 Qc7 10. Qe2 Nxb4 11. cxb4 Qc3+ 12. Nd2 Qxa1 13. 0-0 Ng6 14. Bb5+ Ke7 15. Nf3 Qc3 16. Bd2 Qc7 17. h4 f6 18. exf6+ gxf6 19. Re1 Nf4 20. Qe3 Ng6 21. Qh6 Kf7 22. h5 Nf8 23. Bg5 fxg5 24. Nxg5+ Kg8 25. Be8 b6 26. Bf7+ Qxf7 27. Nxf7 Kxf7 28. Re3 Rg8 29. Rf3+ Ke8 30. Qf6 Rg4 31. Qxf8+ Kd7 32. Rf7+ Kc6 33. Qe8+ Kd6 34. Qe7+ Kc6 35. Rf8 Rd4 36. Rxc8+ Rxc8 37. b5+ Kxb5 38. Qxa7 Rxc2 39. Qxh7 Rh4 40. Qxc2 1-0

[Event "Red Deer op"]
[Site "Red Deer"]
[Date "2015.05.16"]
[Round "3"]
[White "Hughey, Leah"]
[Black "Kobalenko, Jerry"]
[Result "0-1"]
[WhiteElo "1691"]
[BlackElo "1826"]
[PlyCount "72"]
[EventDate "2015.05.16"]
[EventType "swiss"]
[EventRounds "5"]
[EventCountry "CAN"]
[SourceTitle "EXT 2017"]
[Source "ChessBase"]
[SourceDate "2016.10.25"]
[SourceVersion "1"]
[SourceVersionDate "2016.10.25"]
[SourceQuality "1"]

1. c4 g6 2. g3 d5 3. cxd5 Qxd5 4. Nf3 c5 5. Nc3 Qd7 6. e4 Bg7 7. Bb5 Nc6 8. Qa4 e6 9. Bxc6 bxc6 10. e5 Ne7 11. Ne4 0-0 12. Nf6+ Bxf6 13. exf6 Nd5 14. Qh4 Qd8 15. d4 Qxf6 16. Qxf6 Nxf6 17. dxc5 Rb8 18. Bh6 Re8 19. Ne5 Rxb2 20. Nc4 Rb4 21. Nd6 Rd8 22. 0-0 Ba6 23. Rfe1 Nd5 24. Re5 Rdb8 25. Rae1 Bc4 26. Nxc4 Rxc4 27. Be3 Rb2 28. a3 Rb3 29. Ra1 Nxe3 30. fxe3 Ra4 31. Rd1 Raxa3 32. Re4 Kg7 33. Kg2 Rb2+ 34. Kh3 Raa2 35. Rh1 Rc2 36. Re5 Kf6 0-1

[Event "Edmonton op qual 10th"]
[Site "Edmonton"]
[Date "2015.05.02"]
[Round "2"]
[White "MacDonald, Dean"]
[Black "Hughey, Leah"]
[Result "0-1"]
[WhiteElo "1428"]
[BlackElo "1691"]
[PlyCount "90"]
[EventDate "2015.05.02"]
[EventType "swiss"]
[EventRounds "5"]
[EventCountry "CAN"]
[SourceTitle "EXT 2017"]
[Source "ChessBase"]
[SourceDate "2016.10.25"]
[SourceVersion "1"]
[SourceVersionDate "2016.10.25"]
[SourceQuality "1"]

1. d4 Nf6 2. Nf3 e6 3. g3 c5 4. Bg2 Nc6 5. e3 d5 6. c4 dxc4 7. 0-0 cxd4 8. exd4 Rb8 9. a3 Bd6 10. Nc3 a6 11. d5 Na5 12. Re1 0-0 13. Be3 Nb3 14. Ra2 b5 15. Nd4 Nxd4 16. Bxd4 exd5 17. Nxd5 Nxd5 18. Bxd5 Qc7 19. Be4 Bb7 20. Qg4 f6 21. Rd1 Be5 22. Qf5 g6 23. Qe6+ Qf7 24. Qxf7+ Rxf7 25. Bxe5 fxe5 26. Bd5 Bxd5 27. Rxd5 Rbf8 28. Rd2 Rf3 29. Ra1 Rd3 30. Re2 Rdf3 31. Rf1 c3 32. bxc3 Rxc3 33. Ra1 Rff3 34. Rea2 Kf7 35. Kg2 Ke6 36. Rc2 Rxg3+ 37. hxg3 Rxc2 38. a4 b4 39. Kf3 a5 40. Ke3 Rc3+ 41. Kd2 Ra3 42. Rxa3 bxa3 43. Kc2 Kd5 44. Kb3 a2 45. Kxa2 Kc4 0-1

[Event "Edmonton Newton Memorial-B"]
[Site "Edmonton"]
[Date "2014.10.25"]
[Round "3"]
[White "Hughey, Leah"]
[Black "Zeggelaar, Mike"]
[Result "1/2-1/2"]
[WhiteElo "1758"]
[BlackElo "1992"]
[PlyCount "145"]
[EventDate "2014.10.24"]
[EventType "tourn"]
[EventRounds "5"]
[EventCountry "CAN"]
[SourceTitle "EXT 2022"]
[Source "ChessBase"]
[SourceDate "2021.10.06"]
[SourceVersion "1"]
[SourceVersionDate "2021.10.06"]
[SourceQuality "1"]

1. g3 d5 2. Nf3 c5 3. c4 dxc4 4. Qa4+ Nc6 5. Qxc4 e6 6. Bg2 Nf6 7. 0-0 Be7 8. b3 0-0 9. Bb2 Rb8 10. Nc3 b5 11. Nxb5 Na5 12. Qc2 Rxb5 13. Ne5 Bb7 14. Bxb7 Nxb7 15. Nc6 Qd7 16. a4 Rb6 17. Nxa7 Nd6 18. Nb5 Nxb5 19. axb5 Qxb5 20. Ra7 Qxb3 21. Qxb3 Rxb3 22. Bc3 Nd5 23. Rd1 Nxc3 24. dxc3 Bf6 25. c4 Rc3 26. Ra4 h6 27. Rd7 Rc2 28. e3 Rb8 29. Raa7 Rbb2 30. Ra8+ Kh7 31. Raa7 Rxf2 32. Rxf7 Rfc2 33. Rxf6 Rb1+ 34. Rf1 Rxf1+ 35. Kxf1 Rxc4 36. Re7 Re4 37. Ke2 Kg6 38. Kd3 Re5 39. Rc7 Kf6 40. e4 Rg5 41. Kc4 Ke5 42. Kd3 Kd6 43. Ra7 Ke5 44. Rc7 Kf6 45. Kc4 Rg4 46. Kd3 h5 47. Rxc5 h4 48. gxh4 Rxh4 49. Rc2 e5 50. Rf2+ Rf4 51. Ke3 g5 52. h4 Rxf2 53. hxg5+ Kxg5 54. Kxf2 Kh4 55. Kf3 Kh3 56. Kf2 Kg4 57. Ke3 Kg3 58. Ke2 Kf4 59. Kf2 Kxe4 60. Ke2 Kd4 61. Kd2 Kd5 62. Kd3 Ke6 63. Ke4 Kf6 64. Ke3 Kf5 65. Kf3 e4+ 66. Ke3 Ke5 67. Ke2 Kd4 68. Kd2 e3+ 69. Ke2 Ke4 70. Ke1 Kd3 71. Kd1 e2+ 72. Ke1 Kc2 73. Kxe2 1/2-1/2

[Event "Edmonton Reserves"]
[Site "Edmonton"]
[Date "2014.06.29"]
[Round "5"]
[White "Hughey, Leah"]
[Black "Grossmann, Lenard"]
[Result "1-0"]
[WhiteElo "1510"]
[BlackElo "1800"]
[PlyCount "75"]
[EventDate "2014.06.28"]
[EventType "swiss"]
[EventRounds "5"]
[EventCountry "CAN"]
[SourceTitle "EXT 2022"]
[Source "ChessBase"]
[SourceDate "2021.10.06"]
[SourceVersion "1"]
[SourceVersionDate "2021.10.06"]
[SourceQuality "1"]

1. c4 e5 2. Nc3 Nf6 3. g3 Bb4 4. Bg2 0-0 5. Nd5 Nxd5 6. cxd5 c6 7. a3 Be7 8. b4 a5 9. Bb2 f6 10. Qb3 Kh8 11. Nh3 Qb6 12. 0-0 axb4 13. Rfc1 Ra6 14. a4 c5 15. Rc4 d6 16. Rac1 Bd7 17. Rh4 f5 18. Rcc4 Bxh4 19. Rxh4 Qd8 20. f4 e4 21. Ng5 h6 22. Rxh6+ Kg8 23. Rg6 Rf7 24. Ne6 Bxe6 25. dxe6 Re7 26. Rxg7+ Kf8 27. Bf6 Nc6 28. Qb2 Rxg7 29. Bxd8 Nd4 30. e7+ Ke8 31. e3 Ne2+ 32. Kf2 Nc3 33. dxc3 bxc3 34. Qxc3 Rg8 35. Qb3 Rg7 36. Qxb7 Rxa4 37. Qb5+ Kf7 38. e8Q# 1-0

[Event "Edmonton Northern Alberta op"]
[Site "Edmonton"]
[Date "2014.02.16"]
[Round "5.16"]
[White "Yao, David"]
[Black "Hughey, Leah"]
[Result "1-0"]
[WhiteElo "1592"]
[BlackElo "1468"]
[PlyCount "57"]
[EventDate "2014.02.15"]
[EventType "swiss"]
[EventRounds "5"]
[EventCountry "CAN"]
[SourceTitle "EXT 2022"]
[Source "ChessBase"]
[SourceDate "2021.10.06"]
[SourceVersion "1"]
[SourceVersionDate "2021.10.06"]
[SourceQuality "1"]

1. Nf3 d5 2. g3 Nf6 3. Bg2 c5 4. 0-0 Nc6 5. c3 e5 6. d4 Qc7 7. dxe5 Nxe5 8. Nxe5 Qxe5 9. Bf4 Qh5 10. Nd2 Bh3 11. Nf3 Bxg2 12. Kxg2 Ng4 13. Qa4+ Kd8 14. Rad1 Nf6 15. Bg5 Be7 16. e4 Nxe4 17. Qxe4 Bxg5 18. Qxd5+ Ke8 19. Qxg5 Qxg5 20. Nxg5 f6 21. Rfe1+ Kf8 22. Ne6+ Kf7 23. Nxc5 b6 24. Rd7+ Kg6 25. Nb3 Rhd8 26. Rc7 a5 27. Ree7 a4 28. Nd4 Rg8 29. Ra7 1-0